000 00698nam a2200205Ii 4500
003 JO-AjNU
008 230605s9999||||xx |||||||||||||| ||und||
017 _a2009/2/551
040 _aJO-AjNU
_bara
_erda
_cJO-AjNU
041 _aara
050 1 4 _aPJ7864.U6.Z542 2010
100 3 _aبكار،يوسف,
_eauthor
_924837
245 0 0 _aحوارات فدوى طوقان
264 3 1 _aعمان: دروب للنشر والتوزيع، 2010 ؛ عمان: دار اليازوري، 2010
300 _a183ص
336 _atext
_btxt
_2rdacontent
337 _aunmediated
_bn
_2rdamedia
338 _avolume
_bnc
_2rdacarrier
650 4 _aالشعر العربي - فلسطين - تفسير ونقد
_924838
999 _aA9210
_c12778
_d12778